Gaming Quiz

Random Gaming or Board Games Quiz

Board Game by Extraneous Item Quiz Stats

 Plays Quiz Updated Oct 15, 2018

Score 0/12 Timer 05:00
13 Plays Today
Question Answer Wrong Answers
Monopoly Dice
94.5%
Game Board
1.2%
Game Tokens
0.8%
Property Deeds
0.6%
Battleship Risk Game Board
93.8%
Game Pegs
1.4%
Ships
1.2%
Game Board
1%
Scrabble Upwords
91.5%
Tiles
1%
Tile Holders
1.7%
Scrabble Board
3%
Candyland Chutes and Ladders Game Board
91%
Game Tokens
1.3%
Color Cards
2.8%
Game Board
1.9%
Clue Lawn Darts
90.9%
Game Board
1.1%
Weapons
1.3%
Game Tokens
3.9%
Yahtzee Player Token
90.3%
Cups
2.1%
Dice
1.1%
Scoresheet
3.7%
Trivial Pursuit Smart Ass Question Cards
89.8%
Game Board
2.6%
Wedges & Player Tokens
3.2%
Question Cards
1.7%
Life Dice
73.1%
Spinner
5.4%
Career Cards
14.9%
Family Sedans
3.8%
Risk Axis and Allies Game Board
69%
Risk Game Board
15%
Game Tokens
9.3%
Territory Cards
3.9%
Scattergories Color Cube
63%
Category List
6.4%
Letters Cube
18%
Buzzer Timer
9.9%
Cranium Apples to Apples Cards
61%
Game Tokens
7.8%
Color Cube
14%
Cranium Cards
14.4%
Pictionary Buzzer Timer
58.7%
Game Tokens
24.5%
Sand Timer
4%
Category Cards
10%

You're not logged in!

Compare scores with friends on all Sporcle quizzes.
OR
Log In

Sporcle TV

Today on Sporcle TV


Watch our educational content, quiz creation guides, and fun videos on Sporcle TV.

Show Comments

Extras

Top Quizzes Today


Score Distribution

Your Account Isn't Verified!

In order to create a playlist on Sporcle, you need to verify the email address you used during registration. Go to your Sporcle Settings to finish the process.

Report this User

Report this user for behavior that violates our Community Guidelines.

Details: